Countries That Start With A - Statistics

General Stats
  • This quiz has been taken 26 times
  • The average score is 10 of 11
Answer Stats
Country % Correct
Azerbaijan
100%
Australia
96%
Afghanistan
91%
Algeria
91%
Albania
87%
Andorra
87%
Argentina
87%
Armenia
87%
Angola
83%
Antigua and Barbuda
83%
Austria
83%
No matching quizzes found
Score Distribution
Percent of People with Each Score
Percentile by Number Answered
Your Score History
You have not taken this quiz